| 000 | 00456nam a2200193Ia 4500 | ||
|---|---|---|---|
| 008 | 170918s9999 xx 000 0 und d | ||
| 020 | _a9780545356619 | ||
| 050 | _bF233ea 1994 | ||
| 100 | _aFarmer, Nancy | ||
| 245 | 4 | _aThe ear, the eye and the arm / | |
| 245 | _cby Nancy Farmer. | ||
| 260 | _aNew York : | ||
| 260 | _bScholastic, | ||
| 260 | _c1994 | ||
| 300 | _a311 pages : | ||
| 300 | _billustrations ; | ||
| 300 | _c19cm. | ||
| 500 | _a660 | ||
| 999 |
_c343792 _d343792 |
||